000 00297nam a2200109Ia 4500
008 230907s9999||||xx |||||||||||||| ||und||
082 _a621.3815322,MUL
245 0 _aMultilevel converters for industrial applications/
260 _aCRC Press
_bNew York
_c2014
300 _axii,229p.:
942 _cBK
999 _c597964
_d597964